Business law (Record no. 4945)

MARC details
000 -CABECERA
campo de control de longitud fija 03651pam a22004571i 4500
001 - NÚMERO DE CONTROL
campo de control 991007407829707026
003 - IDENTIFICADOR DEL NÚMERO DE CONTROL
campo de control UkOxU
005 - FECHA Y HORA DE LA ÚLTIMA TRANSACCIÓN
campo de control 20250915133947.0
006 - CÓDIGOS DE INFORMACIÓN DE LONGITUD FIJA--CARACTERÍSTICAS DEL MATERIAL ADICIONAL
campo de control de longitud fija m || d |
007 - CAMPO FIJO DE DESCRIPCIÓN FÍSICA--INFORMACIÓN GENERAL
campo de control de longitud fija cr |||||||||||
008 - DATOS DE LONGITUD FIJA--INFORMACIÓN GENERAL
campo de control de longitud fija 170206s2017 enka ob 001|0|eng|d
015 ## - NÚMERO DE BIBLIOGRAFÍA NACIONAL
Número de bibliografía nacional GBB724097
Fuente bnb
020 ## - NÚMERO INTERNACIONAL ESTÁNDAR DEL LIBRO
Número Internacional Estándar del Libro 9781317536277 (ePub ebook) :
Condiciones de disponibilidad Đ36.99
020 ## - NÚMERO INTERNACIONAL ESTÁNDAR DEL LIBRO
ISBN cancelado o inválido 9781138848023 (hbk.) :
Condiciones de disponibilidad Đ100.00
020 ## - NÚMERO INTERNACIONAL ESTÁNDAR DEL LIBRO
ISBN cancelado o inválido 9781138848016 (pbk.) :
Condiciones de disponibilidad Đ36.99
020 ## - NÚMERO INTERNACIONAL ESTÁNDAR DEL LIBRO
Número Internacional Estándar del Libro 9781317536284 (PDF ebook) :
Condiciones de disponibilidad Đ36.99
020 ## - NÚMERO INTERNACIONAL ESTÁNDAR DEL LIBRO
Número Internacional Estándar del Libro 9781317536260 (Mobipocket ebook) :
Condiciones de disponibilidad Đ36.99
020 ## - NÚMERO INTERNACIONAL ESTÁNDAR DEL LIBRO
Número Internacional Estándar del Libro 9781315726205 (ebook) :
Condiciones de disponibilidad No price
035 ## - NÚMERO DE CONTROL DEL SISTEMA
Número de control de sistema 020919143-44oxf_inst
035 ## - NÚMERO DE CONTROL DEL SISTEMA
Número de control de sistema (UkOxU)020919143
035 ## - NÚMERO DE CONTROL DEL SISTEMA
Número de control de sistema (Uk)018230260
037 ## - FUENTE DE ADQUISICIÓN
Número de adquisición 9781317536277
Fuente del número de adquisición Ingram Content Group
040 ## - FUENTE DE LA CATALOGACIÓN
Centro catalogador/agencia de origen StDuBDS
Lengua de catalogación eng
Normas de descripción rda
-- pn
Centro/agencia transcriptor StDuBDS
Centro/agencia modificador Uk
042 ## - CÓDIGO DE AUTENTICACIÓN
Código de autenticación ukblsr
100 ## - ENTRADA PRINCIPAL--NOMBRE DE PERSONA
Nombre de persona Kelly, David
Fechas asociadas al nombre 1950-
Término indicativo de función/relación author.
245 10 - MENCIÓN DE TÍTULO
Título Business law
Mención de responsabilidad, etc. / David Kelly, Ruby Hammer and John Hendy.
250 ## - MENCIÓN DE EDICIÓN
Mención de edición Third edition.
264 #1 - PRODUCCIÓN, PUBLICACIÓN, DISTRIBUCIÓN, FABRICACIÓN Y COPYRIGHT
Producción, publicación, distribución, fabricación y copyright London :
Nombre del de productor, editor, distribuidor, fabricante Routledge,
Fecha de producción, publicación, distribución, fabricación o copyright 2017.
300 ## - DESCRIPCIÓN FÍSICA
Extensión 1 online resource :
Otras características físicas illustrations (colour).
500 ## - NOTA GENERAL
Nota general Previous edition: 2014.
500 ## - NOTA GENERAL
Nota general Academic
504 ## - NOTA DE BIBLIOGRAFÍA, ETC.
Nota de bibliografía, etc. Includes bibliographical references and index.
505 ## - NOTA DE CONTENIDO CON FORMATO
Nota de contenido con formato Part One —<br/>Law, Legal Sources and Dispute Resolution — The Criminal and Civil Courts — Alternative Dispute Resolution<br/><br/>Part Two —<br/>Business Transactions — Contract (2): Contents of a Contract — Contract (3): Vitiating Factors — Contract (4): Discharge of a Contract — Consumer Protection and Sale of Goods and Services<br/><br/>Part Three —<br/>Business Liability — Vicarious and Employers’ Liability — Liability for Land and Environmental Damage<br/><br/>Part Four —<br/>Business Organisation — Partnership Law — Company Law (1): The Nature and Formation of Companies — Company Law (2): The Management and Operation of Companies<br/><br/>Part Five —<br/>Employment Law and Health and Safety — Individual Employment Rights (2): Equal Pay and Discrimination — Individual Employment Rights (3): Termination — Health and Safety Law — Intellectual Property Rights.
520 ## - SUMARIO, ETC.
Sumario, etc. Business Law offers comprehensive coverage of the key aspects of business law in a straightforward manner that is easy to understand for non-law students.<br/><br/>It describes and considers the full range of legal topics such as Contract, Company and Employment Law, as well as including coverage of emerging areas such as Health and Safety and Environmental Law as they apply to business. Including all the recent major developments in the law such as the Companies Act 2006 the Lisbon Treaty, new regulations on Consumer Protection and the impact of environmental and climate change regulation on businesses, Business Law is one of the most up-to-date textbooks available today.<br/><br/>Key learning features include:<br/><br/>diagrams and tables to illustrate key principles and interrelationships between topics;<br/>key cases boxes which highlight landmark cases for ease of reference;<br/>revision summaries at the end of each chapter to help clarify the key points to focus on for each topic;<br/>an attractive two-colour text design which aids easy understanding and quick referencing.<br/>Primarily designed for undergraduates on business courses, Business Law will also be suitable for all those who need to study the law relating to business as part of their main course.
650 #0 - PUNTO DE ACCESO ADICIONAL DE MATERIA--TÉRMINO DE MATERIA
Término de materia o nombre geográfico como elemento de entrada Commercial law
Subdivisión geográfica England.
700 ## - ENTRADA AGREGADA--NOMBRE PERSONAL
Nombre de persona Hammer, Ruby
Títulos y otros términos asociados al nombre (Law teacher)
Término indicativo de función/relación author.
700 ## - ENTRADA AGREGADA--NOMBRE PERSONAL
Nombre de persona Hendy, John,
Fechas asociadas al nombre 1980-
Término indicativo de función/relación author.
856 ## - LOCALIZACIÓN Y ACCESO ELECTRÓNICOS
Identificador Uniforme del Recurso <a href="https://bibliotheque.tbs-education.fr/Default/doc/SYRACUSE/3393532/business-law-david-kelly">https://bibliotheque.tbs-education.fr/Default/doc/SYRACUSE/3393532/business-law-david-kelly</a>
942 ## - ELEMENTOS DE ENTRADA AGREGADA (KOHA)
Fuente del sistema de clasificación o colocación Clasificación de Library of Congress
Holdings
Estado de retiro Estado de pérdida Fuente del sistema de clasificación o colocación Estado dañado No para préstamo Biblioteca de origen Biblioteca actual Fecha de adquisición Total de préstamos Fecha visto por última vez Identificador Uniforme del Recurso Precio válido a partir de Tipo de ítem Koha
    Clasificación de Library of Congress     TBS Barcelona TBS Barcelona 15/09/2025   15/09/2025 https://bibliotheque.tbs-education.fr/Default/doc/SYRACUSE/3393532/business-law-david-kelly 15/09/2025 eBook

Powered by Koha